01474nam a2200313 a 4500001001200000003000800012006001900020007001500039008004100054020001800095020002700113040002100140035002100161050002800182245023000210246014400440260003700584300003900621500004700660500002000707533015200727630002700879650004000906655002900946700002500975710001701000856012601017999001701143ebr10714269CaPaEBRm o u cr cn|||||||||130606s2013 enka s 001 0 eng d z9781849681742 z9781849681759 (e-book) aCaPaEBRcCaPaEBR a(OCoLC)84991842714aQA76.9.D338bO73 2013eb00aOracle Data Integrator 11g cookbookh[electronic resource] :bover 60 field-tested recipes for successful data integration projects with Oracle Data Integrator /cChristophe Dupupet ... [et al.] ; [foreword by Brad Adelberg].3 aOracle Data Integrator 11g cookbook :bover sixty field-tested recipes for successful data integration projects with Oracle Data Integrator aBirmingham :bPackt Pub.,c2013. aiii, 330 p. :bill. (chiefly col.) a"Quick answers to common problems"--Cover. aIncludes index. aElectronic reproduction.bPalo Alto, Calif. :cebrary,d2013.nAvailable via World Wide Web.nAccess may be limited to ebrary affiliated libraries.00aOracle (Computer file) 0aData integration (Computer science) 7aElectronic books.2local1 aDupupet, Christophe.2 aebrary, Inc.40uhttp://site.ebrary.com/lib/rucke/Doc?id=10714269zAn electronic book accessible through the World Wide Web; click to view c16571d16571